01048cam a2200277 a 4500001000700000003000400007005001700011008004100028010001700069020002800086040001800114050002200132082001700154100003300171245010500204250001200309260003800321300003300359504006700392650005000459650004100509700003500550700002700585856008500612856007300697740282OSt20170105101204.0990505s2000 maua b 001 0 eng  a 99015858  a0072312602 (alk. paper) aDLCcDLCdDLC00aBF76.5b.S46 200000a150/.7/22211 aShaughnessy, John J.,d1947-10aResearch methods in psychology /cJohn J. Shaughnessy, Eugene B. Zechmeister, Jeanne S. Zechmeister. a5th ed. aBoston MA :bMcGraw-Hill,cc2000. axv, 560 p. :bill. ;c25 cm. aIncludes bibliographical references (p. 534-547) and indexes. 0aPsychologyxResearchxMethodologyvTextbooks. 0aPsychology, ExperimentalvTextbooks.1 aZechmeister, Eugene B.,d1944-1 aZechmeister, Jeanne S.423Publisher descriptionuhttp://www.loc.gov/catdir/description/mh023/99015858.html413Table of contentsuhttp://www.loc.gov/catdir/toc/mh023/99015858.html